Facultad de Derecho – Universidad Nacional de Mar del Plata

Estatuto de Dubrovnik del año 1272 (Record no. 4419)

MARC details
000 -CABECERA
campo de control de longitud fija 00474nam a22001337a 4500
022 ## - NUMERO INTERNACIONAL NORMALIZADO PARA PUBLICACIONES SERIADAS (ISSN)
International Standard Serial Number 9879546717
080 ## - NUMERO DE CLASIFICACION DECIMAL UNIVERSAL (CDU)
Número de la Clasificación Decimal Universal 347.79 Es 83
245 ## - MENCION DE TITULO
Título propiamente dicho Estatuto de Dubrovnik del año 1272
Parte restante del título Libro Séptimo: Derecho Marítimo Medieval de Dubrovnik
260 ## - PUBLICACION, DISTRIBUCION, ETC. (PIE DE IMPRENTA)
Lugar de publicación, distribución, etc. Buenos Aires
Nombre del editor, distribuidor, etc. Studia Croática
Fecha de publicación, distribución, etc. 2000
300 ## - DESCRIPCION FISICA
Extensión 105 P.
650 ## - ASIENTO SECUNDARIO DE MATERIA - TERMINO TEMATICO
Fuente del encabezamiento o término Tesauro de Biblioteconomía y Documentación
Subdivisión general derecho marítimo
-- República de Dubrovnik
-- transporte marítimo
-- contratos marítimos
-- comerciantes
942 ## - ELEMENTOS AGREGADOS (KOHA)
Fuente de clasificación
945 ## - INFORMACION DE PROCESAMIENTO LOCAL
Responsable de cargamodificación Celeste Delía
Fecha de carga/modificación 2016-09-09
Holdings
Retirado Perdido Dañado No se presta Ubicación permanente Locación actual Estante o sala Fecha de adquisición Enumeración, cronología para publ. seriadas Signatura topográfica Inventario Ultima fecha vista Tipo de item de Koha
        Bib. Derecho Bib. Derecho Biblioteca Graduados 09/09/2016 libro 7ª- 2000 347.79 Es 83 1522 09/09/2016 Publicación periódica

XHTML | CSS | ©Biblioteca Central - Dto. Tecnología de la Información - [ Con tecnología Koha ]